Normal view
MARC view
- دال،فرانسوا/ج.بونين كاباليه؛ترجمة وتقديم:احمد فؤاد نجيب
Entry Personal Name
001 - CONTROL NUMBER
- control field: 7774
003 - CONTROL NUMBER IDENTIFIER
- control field: JO-AjAnu
005 - DATE AND TIME OF LATEST TRANSACTION
- control field: 20230606071545.0
008 - FIXED-LENGTH DATA ELEMENTS
- fixed length control field: 230606|| aca||aabn | a|a d
040 ## - CATALOGING SOURCE
- Original cataloging agency: JO-AjAnu
- Transcribing agency: JO-AjAnu
100 ## - HEADING--PERSONAL NAME
- Personal name: دال،فرانسوا/ج.بونين كاباليه؛ترجمة وتقديم:احمد فؤاد نجيب
670 ## - SOURCE DATA FOUND
- Source citation: Work cat.: (JO-AjAnu)4018: دال،فرانسوا/ج.بونين كاباليه؛ترجمة وتقديم:احمد فؤاد نجيب, author, مستقبل السياسات الادارية